|
|
|
|
| LEADER |
00701nam a2200193 a 4500 |
| 001 |
c000076161 |
| 003 |
CARM |
| 005 |
00000000000000.0 |
| 008 |
890214s1913 enk 00000 eng d |
| 019 |
1 |
|
|a 1931542
|5 LACONCORD2021
|
| 035 |
|
|
|a (OCoLC)4280691
|5 LACONCORD2021
|
| 100 |
1 |
|
|a Phillpotts, Eden,
|d 1862-1960.
|
| 245 |
1 |
4 |
|a The old time before them /
|c by Eden Phillpotts.
|
| 260 |
|
|
|a London :
|b Murray,
|c 1913.
|
| 300 |
|
|
|a v, 339 p. ;
|c 19 cm.
|
| 852 |
8 |
|
|b CARM
|h A2:AG25G0
|i A01350
|p 0121337
|f BK
|
| 082 |
0 |
4 |
|a 823.912
|
| 999 |
f |
f |
|i 832ba4aa-8440-5f3a-ba3c-0e6c5be1db8f
|s 588beb2f-7864-548e-8c8e-d41c7f25e9b4
|
| 952 |
f |
f |
|p Can circulate
|a CAVAL
|b CAVAL
|c CAVAL
|d CARM 1 Store
|e A01350
|f A2:AG25G0
|h Other scheme
|i book
|m 0121337
|